| 000 | 01073nam a2200301 i 4500 | ||
|---|---|---|---|
| 001 | bg | ||
| 100 | 1 | _aULLMAN, Jeffrey D. | |
| 245 | 1 | 0 |
_aSystemy baz danych / _cJeffrey D. Ullman ; z ang. przeł. Włodzimierz Grudziński. |
| 246 |
_iTyt. oryg.: _aPrinciples of database systems |
||
| 260 |
_aWarszawa : _bWydawnictwa Naukowo-Techniczne, _c1988. |
||
| 300 |
_a501, [3] s. : _brys. ; _c24 cm. |
||
| 490 | 1 | _aBiblioteka Inżynierii Oprogramowania | |
| 500 | _aOryg.: "Principles of database systems" 2nd ed. 1982. | ||
| 504 | _aBibliogr. s.482-494. - Indeks. | ||
| 650 | 9 | _aBaza danych | |
| 650 | 9 | _aSystemy informatyczne | |
| 655 | _aPodręczniki akademickie | ||
| 700 | 1 |
_aGRUDZIŃSKI, Włodzimierz. _eTł. |
|
| 830 | _aBiblioteka Inżynierii Oprogramowania | ||
| 020 | _a8320409144 | ||
| 040 | _cBPK | ||
| 041 | 1 |
_apl _hen |
|
| 080 | _a519.683.5(075.8) | ||
| 920 | _a83-204-0914-4 | ||
| 942 | _cKS | ||
| 008 | s pl f |000 0 pol | ||
| 856 |
_uhttp://koha.tu.koszalin.pl/cgi-bin/koha/opac-detail.pl?biblionumber=25263 _yKatalog online BPK |
||
| 999 |
_c25263 _d25263 |
||